00474nam a2200193 a 4500001001300000003000900013005001700022008004100039020000800080082001300088100002200101245002600123260003700149300000900186500003500195505001000230650001800240700002200258nice12345678IN_TiNIC20260116011529.0050524s1963 lona grp 000 0 eng  ac000a953bGLU aGlubb, John Bagot aGreat Arabs Conquests aLondonbHodder & Stoughtonc1963 a384p aincludes index and biblioraphy2 aIndex aIslam-History1 aGlubb, John Bagot